000 01411cam a2200337 a 4500
999 _c332203
_d332203
001 4505713
003 NUST
005 20171117144319.0
008 980211s1998 nyua b 001 0 eng
010 _a 98013433
020 _a0471165158 (cloth : alk. paper)
040 _aDLC
_cDLC
_dDLC
050 0 0 _aTD878
_b.E93 1998
082 0 0 _a628.5 EVA
_221
100 1 _aEvangelou, V. P.
_96516
245 1 0 _aEnvironmental soil and water chemistry :
_bprinciples and applications /
_cV.P. Evangelou.
260 _aNew York :
_bJohn Wiley,
_cc1998.
300 _axix, 564 p. :
_bill. ;
_c24 cm.
500 _a"A Wiley-Interscience Publication."
501 _aH.B
504 _aIncludes bibliographical references (p. 520-555) and index.
650 0 _aSoil pollution.
_96517
650 0 _aSoil chemistry.
_96518
650 0 _aWater
_xPollution.
_92539
650 0 _aWater chemistry.
_9500
856 4 2 _3Contributor biographical information
_uhttp://www.loc.gov/catdir/bios/wiley042/98013433.html
856 4 2 _3Publisher description
_uhttp://www.loc.gov/catdir/description/wiley033/98013433.html
856 4 _3Table of Contents
_uhttp://www.loc.gov/catdir/toc/onix04/98013433.html
906 _a7
_bcbc
_corignew
_d1
_eocip
_f19
_gy-gencatlg
942 _2ddc
_cBK
_kIESE